| 000 | 00487nam a22001817a 4500 | ||
|---|---|---|---|
| 003 | NUST - PNEC | ||
| 005 | 20170116180935.0 | ||
| 008 | 150906b xxu||||| |||| 00| 0 eng d | ||
| 020 | _a- | ||
| 040 | _cLIBRARY | ||
| 082 | _a621.3132 ANN | ||
| 100 |
_98506 _aAnnett, Fred Anzley |
||
| 245 |
_aConnecting and testing direct-current machines _cFred Anzley Annett |
||
| 250 | _a3rd ed. | ||
| 260 | _cc.1955 | ||
| 650 |
_98509 _aElectric machinery--Direct current _xEE |
||
| 942 |
_2ddc _cBK |
||
| 999 |
_c66035 _d66035 |
||